000 01033cam a2200289 a 4500
001 000003848
005 20240305135508.0
008 851009s1987 sp b 000 f spa
020 _a8401499623
040 _aDO-SdBNP
_cDLC
_dDLC
_dOCoLC
041 1 7 _aspa
_heng
_2Código de idioma MARC
082 _a823.914
_bF667v
100 1 _aFollett, Ken,
_d1949-
_913022
240 1 0 _aLie down with lions.
_lEspañol
245 1 3 _aEl valle de los leones /
_cKen Follett; traductor, Montserrat Solanas Mata.
260 _aBarcelona :
_bPlaza & Janés ,
_c1987.
300 _a470 p. ;
_c18 cm.
490 1 _aJet biblioteca de Ken Follett
_vv. 98
_vno. 6
504 _aBibliografía: p. 469-470.
534 _aTítulo original:
_tLie down with lions.
650 4 _aNovela inglesa
_91071
650 4 _aLiteratura inglesa
_9498
700 1 _aSolanas Mata, Montserrat.
_etr.
_911628
830 0 _aJet biblioteca de Ken Follett ;
_vv. 98
_911629
830 0 _aJet biblioteca de Ken Follett ;
_vno. 6
_911629
910 _aCatalogación por copia / LC
999 _c3670
_d3670